Szegedre látogatott a Burmai Unió magyarországi nagykövete
Elmentve itt :
| Dokumentumtípus: | Cikk |
|---|---|
| Megjelent: |
1965-04-08
|
| Sorozat: | Délmagyarország
55 No. 83 |
| Kulcsszavak: | Politikusi látogatás Szeged 1965, külföldi politikusok látogatásai |
| Online Access: | http://dmarchiv.bibl.u-szeged.hu/71124 |
| LEADER | 00489nab a2200145 i 4500 | ||
|---|---|---|---|
| 001 | delm71124 | ||
| 005 | 20180928082416.0 | ||
| 008 | 180928s1965 hu o 0|| hun d | ||
| 040 | |a SZTE Délmagyarország Archívum |b hun | ||
| 041 | |a hun | ||
| 245 | 0 | 0 | |a Szegedre látogatott a Burmai Unió magyarországi nagykövete |h [elektronikus dokumentum] |
| 260 | |c 1965-04-08 | ||
| 300 | |a 3 | ||
| 490 | 0 | |a Délmagyarország |v 55 No. 83 | |
| 695 | |a Politikusi látogatás Szeged 1965, külföldi politikusok látogatásai | ||